Vinnie Jones Filmography - Statistics

General Stats
  • This quiz has been taken 25 times
    2 since last reset
  • The average score is 3 of 157
Answer Stats
Type Year Name % Correct
Web Series 2024 The Gentlemen
100%
Film 1998 Lock, Stock and Two Smoking Barrels
50%
Film 2006 She's the Man
50%
Film 2000 Snatch
50%
Film 2008 The Midnight Meat Train
50%
Film 2015 6 Ways to Die
0%
Film 2007 7-10 Split
0%
Film 2015 Absolution
0%
Short Documentary 2022 Academy Dreams: Leeds United
0%
Film 2014 A Certain Justice
0%
Film 2011 Age of the Dragons
0%
Film 2013 Ambushed
0%
TV Show 1997, 1998, 2002 A Question of Sport
0%
Film 2013 Armed Response
0%
TV Special 1998 A Royal Birthday Celebration
0%
TV Show 2015-2018 Arrow
0%
Film 2009 Assault of Darkness
0%
Short Film 2009 Attack Cardio
0%
Film 2015 Awaken
0%
TV Mini-Series 2017 Battle of the Network Stars
0%
TV Show 2010 Big Brother's Little Brother
0%
Film 2015 Bite
0%
Film 2004 Blast
0%
Film 2013 Blood of Redemption
0%
Film 2011 Blood Out
0%
Music Video 2002 Bop Bop Baby
0%
Commercial 2011 British Heart Foundation
0%
Film 2022 Bullet Proof
0%
TV Show 2010 Celebrity Big Brother
0%
TV Show 2010 Celebrity Big Brother's Big Mouth
0%
Film 2015 Checkmate
0%
TV Show 2010 Chuck
0%
Documentary Series 1996 Clash of the Titans
0%
Film 2013 Company of Heroes
0%
TV Show 2010 Countdown
0%
Film 2011 Cross
0%
Film 2019 Cross: Rise of the Villains
0%
Film 2017 Cross Wars
0%
TV Show 2018 Deception
0%
Film 2016 Decommissioned
0%
TV Show 2013 Elementary
0%
TV Show 1996 Ellington
0%
Film 2013 Escape Plan
0%
Film 2004 EuroTrip
0%
Film 2013 Extraction
0%
TV Show 2005 Extras
0%
Film 2012 Fire with Fire
0%
Film 2013 Fractured
0%
Film 2012 Freelancers
0%
TV Show 2015-2016 Galavant
0%
TV Show 1992, 1993 Gamesmaster
0%
Film 2006 Garfield: A Tale of Two Kitties
0%
TV Show 1993 Gladiators
0%
Film 2000 Gone in 60 Seconds
0%
Film 2015 Gridlocked
0%
Film 2014 Gutshot Straight
0%
Documentary Mini-Series 2020 Harry's Heroes: The Full English
0%
Film 2008 Hell Ride
0%
Film 2012 Hijacked
0%
Film 2005 Hollywood Flies
0%
Film 2020 I Am Vengeance: Retaliation
0%
TV Special 1998 It Takes Two
0%
Film 2006 Johnny Was
0%
TV Show 2013 Karticata
0%
Film 2016 Kill Kane
0%
Film 2011 Kill the Irishman
0%
TV Show 2021 Law & Order: Organized Crime
0%
Film 2017 Life Outside
0%
TV Show 1995 Live with the Goggles
0%
Film 2008 Loaded
0%
Film 2010 Locked Down
0%
TV Show 2016 MacGyver
0%
Film 2012 Madagascar 3: Europe's Most Wanted
0%
TV Show 2012 Mad Mad World
0%
Film 2019 Madness in the Method
0%
Film 2012 Magic Boys
0%
Film 2001 Mean Machine
0%
TV Show 2014 Mind Games
0%
TV Film 2005 Mysterious Island
0%
TV Show 2019 NCIS: Los Angeles
0%
Film 2001 Night at the Golden Eagle
0%
Film 2011 Not Another Not Another Movie
0%
Documentary Series 2000 Omnibus
0%
Commercial 1999 One2One
0%
Commercial 2024 Pepsi
0%
Music Video 2018 Pika Pika
0%
Film 2006 Played
0%
TV Show 2016 Police Interceptors
0%
Documentary Series 1998 Premier Passions
0%
TV Show 2014 Psych
0%
Commercial 2002 Puma
0%
Commercial 2007 RAC Car Insurance
0%
Film 2014 Reaper
0%
Film 2025 Reckless
0%
Film 2014 Redirected
0%
Film 2021 Rise of the Footsoldier: Origins
0%
Film 2015 Rivers 9
0%
Film 2020 Ron Hopper's Misfortune
0%
TV Show 1993 Sean's Show
0%
Commercial 2001 Sky Digital Television
0%
Film 2005 Slipstream
0%
Film 2010 Smokin' Aces 2: Assassins' Ball
0%
Documentary 1992 Soccer's Hard Men
0%
Film 2007 Strength and Honour
0%
Film 2005 Submerged
0%
Film 2004 Survive Style 5+
0%
Film 2001 Swordfish
0%
TV Show 1998, 1999 TFI Friday
0%
Film 2013 The 34th Battalion
0%
Film 2009 The Ballad of G.I. Joe
0%
Film 2021 The Bezonians
0%
Film 2004 The Big Bounce
0%
Film 2020 The Big Ugly
0%
Film 2009 The Bleeding
0%
Film 2014 The Calculator
0%
TV Show 2011 The Cape
0%
Film 2007 The Condemned
0%
TV Documentary 2014 The Crazy Gang: When Wimbledon Won the Cup
0%
Film 2015 The Enforcer
0%
TV Show 2005 The Friday Night Project
0%
Film 2019 The Gandhi Murder
0%
Film 2010 The Heavy
0%
Short Film 2019 The Hunt
0%
TV Show 1997 The Hypnotic World of Paul McKenna
0%
Film 2011 The Liquidator
0%
Film 2016 The Magnificent Seven
0%
TV Show 2021 The Masked Singer Australia
0%
Film 2016 The Midnight Man
0%
TV Show 1997 The Mrs. Merton Show
0%
TV Show 2014 The Musketeers
0%
Film 2006 The Number One Girl
0%
Film 2006 The Other Half
0%
Film 2007 The Riddle
0%
TV Special 2001 The Royal Variety Performance
0%
TV Show 2019 The X Factor: Celebrity
0%
TV Show 1996, 1998 They Think It's All Over
0%
Documentary Series 1998, 2000 This Is Your Life
0%
TV Show 2018 Through the Keyhole
0%
Film 2007 Tooth & Nail
0%
TV Show 2003 Top Gear
0%
TV Show 2008 Totally Calum Best: The Best Is Yet to Come
0%
Film 2015 Toxin
0%
TV Show 2023 Tracked
0%
Film 2009 (Untitled)
0%
TV Documentary 2000 Victoria's Secrets
0%
Documentary 1999 Vinnie Jones: Great Balls of Fire
0%
Web Series 2023-Present Vinnie Jones in the Country
0%
Documentary Series 2013 Vinnie Jones: Russia's Toughest
0%
Documentary Series 2008 Vinnie Jones' Toughest Cops
0%
TV Documentary 2002 Vinnie's Football Shorts
0%
Commercial 1999 Walkers Crisps
0%
Film 2014 Way of the Wicked
0%
Documentary Series 1996 World in Action
0%
Film 2006 X-Men: The Last Stand
0%
Film 2009 Year One
0%
TV Show 1993, 1996 You Bet!
0%
Film 2011 You May Not Kiss the Bride
0%
No matching quizzes found
Score Distribution
Percent of People with Each Score
Percentile by Number Answered
Your Score History
You have not taken this quiz since the last reset